| 000 | 01229nam0a2200301 4500 | ||
|---|---|---|---|
| 001 | RU\NLR\bibl\1288717 | ||
| 005 | 20250615143623.0 | ||
| 010 |
_a5-94074-359-5 _91000 |
||
| 035 | _a(NLR Aleph) 001274416 | ||
| 090 |
_a459444 _c459444 |
||
| 100 | _a20080619d2007 |||y0rusy50 ca | ||
| 101 | 1 |
_arus _ceng |
|
| 102 | _aRU | ||
| 105 | _aa ||||||||| | ||
| 200 | 1 |
_a135 радиолюбительских устройств на одной микросхеме _fНьютон С. Брага _g[пер. с англ. Безяева П.Г.] |
|
| 210 |
_aМосква _cДМК Пресс _d2007 |
||
| 215 |
_a247 с. _cил. _d20 |
||
| 225 | 1 | _aВ помощь радиолюбителю | |
| 300 | _aЗагл. и авт. ориг.: Cmos projects and experiments / Newton C. Braga | ||
| 454 | 0 |
_12001#$aCmos projects and experiments$fNewton C. Braga _1700#1$aBraga$bN. C.$gNewton C.$4070 _tCmos projects and experiments _aBraga, Newton C. |
|
| 606 | 1 |
_aРадиолюбительская аппаратура _92183169 _3RU\NLR\auth\661312728 |
|
| 686 | _aЗ844 | ||
| 700 | 1 |
_aБрага _bН. С. _gНьютон С. _4070 |
|
| 801 | 0 |
_aRU _bNLR _c20080619 _gRCR |
|
| 801 | 1 |
_aRU _bNLR _c20080619 |
|
| 942 | _cBOOK | ||
| 980 | _aNB | ||